| 000 | 00973nac a22002891i 4500 | ||
|---|---|---|---|
| 003 | EG-ScBUE | ||
| 005 | 20221221094340.0 | ||
| 008 | 221221r19961990enka f b 001 0 eng d | ||
| 020 | _a0500202478 | ||
| 020 | _a9780500202470 | ||
| 040 |
_aEG-ScBUE _beng _erda _cEG-ScBUE _dEG-ScBUE |
||
| 082 | 0 | 4 |
_a729.0904 _bMAS _222 |
| 100 | 1 |
_aMassey, Anne, _d1956- _eauthor. |
|
| 245 | 1 | 0 |
_aInterior design of the 20th century / _cAnne Massey. |
| 250 | _aReprinted edition. | ||
| 264 | 1 |
_aNew York, N.Y. : _bThames and Hudson, _c1996. |
|
| 300 |
_a216 pages : _billustrations (some color) ; _c21 cm |
||
| 336 |
_2rdacontent _atext _btxt |
||
| 337 |
_2rdamedia _aunmediated _bn |
||
| 338 |
_2rdacarrier _avolume _bnc |
||
| 504 | _aIncludes bibliographical references and index. | ||
| 650 | 7 |
_aInterior decoration _xHistory _y20th century. _2BUEsh |
|
| 653 | _bART | ||
| 655 | _vReading book | ||
| 740 | 0 | _aInterior design of the twentieth century. | |
| 942 |
_cBB _2ddc |
||
| 999 |
_c3973 _d3973 |
||